Statistiques concernant Les 20 préfectures les plus proches du Mans

Cliquez ici pour prendre le quiz!

Statistiques générales

  • Ce quiz a été pris 61 fois
  • Le résultat moyen est 16 sur 20

Statistiques - réponses

distance (en km)ville préfecture% Correct
183Paris
97%
140Rennes
97%
158Nantes
95%
82Angers
93%
137Caen
90%
73Laval
90%
128Orléans
88%
172.59Rouen
88%
78Tours
88%
170Versailles
82%
107Chartres
80%
48Alencon
78%
97Blois
77%
134Evreux
75%
159Poitiers
75%
172.89Chateauroux
73%
156Saint-Lo
65%
178Nanterre
63%
180Evry Courcouronnes
60%
179Cergy-Pontoise
58%

Distribution des résultats

Percentile par nombre de réponses

% des personnes avec chaque résultat

Votre développement - résultats

Vous n’avez pas pris ce quiz